MARC

LEADER 00000nas a2200000 a 4500
001 ssj0003610
003 WaSeSS
005 20200512172242.0
006 m d
007 cr n
008 011220c19839999enkbx pss 0 a0eng c
010 |a  2002238771 
015 |a GBB3A7357  |2 bnb 
016 7 |a 012433558  |2 Uk 
022 |a 1758-6763  |l 0265-1335  |y 0265-1335 
035 |a (WaSeSS)ssj0003610 
037 |b MCB University Press Limited, 60/62 Toller Lane, Bradford, West Yorkshire, England BD8 9BY 
040 |a TXH  |b eng  |e pn  |c TXH  |d OCLCQ  |d IUL  |d OCLCQ  |d CLU  |d F#A  |d OCLCQ  |d GUA  |d OCLCQ  |d VRC  |d OCLCQ  |d OCLCF  |d BEDGE  |d OCLCO  |d OCLCQ  |d DLC  |d GBT  |d CSU  |d UKMGB  |d WaSeSS 
042 |a pcc 
043 |a d------ 
050 0 0 |a HF1009.5 
050 4 |a HF1416 
082 0 4 |a 658.848 
130 0 |a International marketing review (Online) 
210 0 |a Int. mark. rev.  |b (Online) 
222 0 |a International marketing review  |b (Online) 
245 1 0 |a International marketing review  |h [electronic resource]. 
260 |a [Bradford, England] :  |b [MCB University Press] 
310 |a Six no. a year 
362 1 |a Print began with vol. 1, no. 1 (autumn 1983). 
506 |a License restrictions may limit access. 
538 |a Mode of access: World Wide Web. 
588 |a Description based on: Vol. 11, no. 1 (1994); title from introductory page (Emerald, viewed July 12, 2003). 
588 |a Latest issue consulted: Vol. 34, issue 1 (2017) (Emerald, viewed Jan. 26, 2017). 
650 0 |a Export marketing  |v Periodicals. 
650 0 |a Export marketing  |z Developing countries  |v Periodicals. 
650 7 |a Publications périodiques.  |2 eclas 
650 7 |a Gestion d'entreprises.  |2 eclas 
650 7 |a Marketing.  |2 eclas 
650 7 |a Export marketing.  |2 fast  |0 (OCoLC)fst00918703 
651 7 |a Developing countries.  |2 fast  |0 (OCoLC)fst01242969 
655 0 |a Electronic journals. 
710 2 |a MCB University Press. 
776 1 |t International marketing review  |x 0265-1335  |w (DLC) 88659225  |w (OCoLC)10860883 
850 |a DLC 
853 2 0 |8 1  |a v.  |b no.  |u 6  |v r  |i (year)  |w 6 
856 4 0 |z Full text available from Research Library: 01/01/1992 to 1 year ago  |u https://search.proquest.com/publication/36649 
863 4 1 |8 1.1  |a 11  |b 1  |i 1994